000 00353nam a2200133Ia 4500
008 231129s9999||||xx |||||||||||||| ||spa||
020 _a84-8280-999-7
040 _bspa
082 _aF843 V531u
100 _aVerne Julio
245 0 _aLa vuelta al mundo en 80 dias
264 _aLa Oveja Negra
942 _2ddc
_cBKS
999 _c18519
_d18519